000 00325nam a2200133Ia 4500
005 20260328104336.0
008 260328s9999||||xx |||||||||||||| ||und||
100 _aSaalman, Howard
245 0 _aMedieval Architecture /
_cHoward Saalman
260 _bPrentice-Hall
300 _a127 p.
650 _aARQUITECTOS
942 _cBK
999 _c11899
_d11899